| 000 | 00368 a2200109 4500 | ||
|---|---|---|---|
| 001 | ART_10779 | ||
| 005 | 20260410161854.0 | ||
| 008 | 260409a | ||
| 245 | 1 | 0 | _aAncianidad, autonomía y vulnerabilidad |
| 100 | 1 | _aFernandez, Silvia | |
| 773 | 0 |
_tDerecho privado _gReforma del Código Civil I. Aspectos generales - Año I, Nº 2 (sep. 2012) _wREV10455 |
|
| 999 |
_c25302 _d25302 |
||